Statistiken für Größte Städte Niedersachsens (Top 25)

Klicken Sie hier um das Quiz zu spielen!

Allgemein

  • Dieses Quiz wurde 153 mal gespielt
  • Das Durchschnittsergebnis liegt bei 16 aus 25

Antwortstatistiken

HintAntwort% Korrekt
545.000Hannover
98%
252.000Braunschweig
96%
167.000Osnabrück
92%
126.000Wolfsburg
92%
173.000Oldenburg
89%
51.000Emden
85%
119.000Göttingen
84%
102.000Hildesheim
79%
105.000Salzgitter
77%
76.000Wilhelmshaven
74%
77.000Lüneburg
73%
49.000Cuxhaven
70%
70.000Celle
69%
78.000Delmenhorst
68%
50.000Goslar
60%
58.000Hameln
53%
53.000Wolfenbüttel
52%
51.000Peine
49%
48.000Stade
48%
57.000Lingen (Ems)
45%
55.000Langenhagen
39%
61.000Garbsen
37%
55.000Nordhorn
35%
47.000Melle
20%
45.000Neustadt am Rübenberge
20%

Verteilung der Resultate

Perzentil nach korrekt beantworteten Fragen

Anzahl Personen mit jedem Resultat

Ihre Resultats-Entwicklung

Sie haben dieses Quiz noch nicht gespielt